| 000 | 00286 a2200085 4500 | ||
|---|---|---|---|
| 245 | 0 | 0 |
_aZagadnienia metrologiczne wag nieautomatycznych - Klasyfikacja temperaturowa PN-EN 45501 / _cNKP nr 51. |
| 246 | 1 | 3 | _aPN-EN 45501 |
| 260 |
_aWarszawa : _bNKP nr 51, _c1999. |
||
| 300 |
_a89 stron ; _c30 cm. |
||
| 650 | _aPolska norma | ||
| 999 |
_c20416 _d20416 |
||